Torres Villarroel : vida

Furkejuvvon:
Bibliográfalaš dieđut
Váldodahkki: Villarroel, Torres
Materiálatiipa: Girji
Giella:Undetermined
Almmustuhtton: Madrid, España Espasa-Calpe 1971
Fáttát:
Fáddágilkorat: Lasit fáddágilkoriid
Eai fáddágilkorat, Lasit vuosttaš fáddágilkora!

MARC

LEADER 00000nam a2200000Ia 4500
008 170316s9999 xx 000 0 und d
090 |a B-862 V-1t 
100 |a Villarroel, Torres 
245 |a Torres Villarroel : vida 
260 |a Madrid, España 
260 |b Espasa-Calpe 
260 |c 1971 
300 |a 247 páginas 
650 |a LITERATURA ESPAÑOLA 
650 |a BIOGRAFÍA 
999 |c 28140  |d 28140 
040 |a cru BVZT 
942 |c 15 D  |h B-862 V-1t  |2 z